000 00862nam a22002891i 4500
001
003 DO-SdBNP
005 20170120120218.0
008 900725s1980 sp spa
016 7 _a
_2BPMSU
017 _a
_b
020 _a843101816X
035 _a
035 _a(OCoLC)
040 _aBPMSU
_bspa
_cBPMSU
080 0 _a
100 1 _aDisney, Walt
_d1901-1966
245 1 0 _aDisneycolor /
_h
_cpor Walt Disney ; textos F. Capdevila
250 _a3ยช ed.
260 _aBarcelona :
_bToray,
_c1980
300 _a v. :
_bil. ;
_c26 cm
500 _aLa biblioteca posee el v. 3
505 _8v. 3 : Donald y el perrito perdido -- El patito feo -- Caperucita roja -- Bongo -- Los tres caballeros -- Pluto -- Chip y Chop -- Goofy
700 1 _aCapdevila, F.
942 _2ddc
_cBK
956 _a VMATEO
_b10
_c20170120
_dBPMSU
_f0069
999 _c12527
_d12527